| 000 | 00792nam a22001937a 4500 | ||
|---|---|---|---|
| 003 | UPN | ||
| 005 | 20250815202410.0 | ||
| 008 | 250815s2001 fr|d|||frst||i001 m spa d | ||
| 040 |
_aMX-MxUPN _bspa _cMX-MxUPN |
||
| 041 | _aeng | ||
| 050 |
_aAS4 U8 A35 _b2001 |
||
| 111 |
_aUNESCO. General Conference _cParís) _d2001 _n(Thirty-first Session _957385 |
||
| 245 |
_aReport of the Director-General 1998-1999 : _breport of the Director-General on the activities of the Organization in 1998-1999 communicated to Member States and the Executive Board in accordance with Article VI.3.b of the Constitution |
||
| 260 |
_aParís : _bUNESCO, _c2001 |
||
| 300 | _a199 páginas | ||
| 650 | 0 |
_aUNESCO _xLegislación y Reglamentos _956027 |
|
| 902 | _aMaiella Martínez / 15082025 | ||
| 942 |
_2lcc _cLIBRO _n0 |
||
| 999 |
_c213767 _d213767 |
||